Statistics for Largest Cities in a Country, that starts with "P"

Click here to take the quiz!

General Stats

  • This quiz has been taken 60 times
  • The average score is 12 of 23

Answer Stats

PopulationCity% Correct
2,510,000Rawalpindi - Islamabad
92%
22,120,000Karachi
90%
10,750,000Lima
88%
24,120,000Manila
86%
2,670,000Lisbon
84%
10,050,000Lahore
82%
1,720,000Warsaw
82%
1,480,000Porto
73%
1,500,000Panama City
71%
2,830,000Asunción
63%
2,920,000Hyderabad
51%
2,540,000Cebu City
47%
1,630,000Davao City
45%
3,560,000Faisalabad
43%
2,190,000Katowice - Gliwice - Tychy
37%
1,730,000Peshawar
31%
1,900,000Multan
29%
1,100,000Quetta
27%
2,120,000Gujranwala
14%
1,580,000General Santos
8%
1,090,000Bahawalpur
4%
1,890,000Sargodha
2%
1,070,000Sialkot
2%

Score Distribution

Percentile by Number Answered

Percent of People with Each Score

Your Score History

You have not taken this quiz